|
|
|
|
| LEADER |
00000nab a2200000 a 4500 |
| 001 |
vtls001505251 |
| 003 |
SK-MaSNL |
| 005 |
20260304133754.0 |
| 008 |
250505|20002001xo |||| || || 00|slo |
| 035 |
|
|
|a SPKCL7578
|
| 035 |
|
|
|a urn:nbn:sk:snk-ab2gsu
|
| 035 |
|
|
|a (urnnbn)urn:nbn:sk:snk:ar-a02elq
|
| 035 |
|
|
|a (uuid)bb682355-ac09-44d9-9542-27a2fd25c98a
|
| 040 |
|
|
|a SNKBUCL
|b slo
|c SNKBUCL
|e AACR2
|
| 041 |
0 |
|
|a slo
|
| 044 |
|
|
|a xo
|c SK
|
| 080 |
|
|
|a 372.41:373.32
|2 1981
|
| 100 |
1 |
|
|a Kozáková, Daniela
|4 aut
|9 839296
|
| 245 |
1 |
0 |
|a Čítanie na konci prvého ročníka
|c Daniela Kozáková
|
| 650 |
0 |
7 |
|a čítanie
|2 snkbucl
|9 1654
|
| 650 |
0 |
7 |
|a osobnosť dieťaťa
|2 snkbucl
|9 905111
|
| 650 |
0 |
7 |
|a základné školy
|2 snkbucl
|9 1280
|
| 773 |
0 |
|
|t Naša škola
|g Roč. 4, č. 4 (2000/2001), s. 24-25
|
| 850 |
|
|
|a Slovenská národná knižnica
|
| 852 |
|
|
|a Slovenská národná knižnica
|
| 954 |
|
|
|a odborná, vedecká literatúra pôvodná (slovenská)
|2 lita
|
| 958 |
|
|
|a article27
|
| 958 |
|
|
|a OND
|
| 958 |
|
|
|a EUIPO
|
| 999 |
|
|
|c 2903621
|d 2905551
|